| 000 | 00687nam a2200229 i 4500 | ||
|---|---|---|---|
| 001 | bg | ||
| 100 | 1 | _aROŻEK, Michał | |
| 245 | 1 | 0 |
_aMosty Krakowa / _ctekst Michał Rożek. |
| 260 |
_aKraków : _bBaran i Suszczyński, _c2002. |
||
| 300 |
_a59 s., [59] s. tabl. : _bfot. ; _c21x24 cm. |
||
| 650 | 9 |
_aFotografia polska _xtematyka |
|
| 650 | 9 |
_aMosty _xhistoria _zPolska |
|
| 655 | _aAlbumy | ||
| 020 | _a8388575422 | ||
| 040 | _cBPK | ||
| 041 | 0 | _apl | |
| 080 | _a624.2/.8:77](438) | ||
| 920 | _a83-88575-42-2 | ||
| 942 | _cKS | ||
| 008 | s pl f |000 0 pol | ||
| 999 |
_c41822 _d41822 |
||
| 856 |
_uhttp://koha.tu.koszalin.pl/cgi-bin/koha/opac-detail.pl?biblionumber=41822 _yKatalog online BPK |
||